Most na diaľnici ponad rieku Váh – dodatočne predpätá monolitická konštrukcia
Uložené v:
| Hlavný autor: | |
|---|---|
| Ďalší autori: | |
| Médium: | Rukopis Kniha |
| Jazyk: | Slovak |
| Vydavateľské údaje: |
2025
|
| Predmet: | |
| On-line prístup: | http://is.stuba.sk/zp/portal_zp.pl?podrobnosti=182786 CRZP |
| Tagy: |
Žiadne tagy, Buďte prvý, kto otaguje tento záznam!
|
MARC
| LEADER | 00000ntm a22000003a 4500 | ||
|---|---|---|---|
| 001 | stuzp104324 | ||
| 003 | SK-STU | ||
| 005 | 20250725111526.8 | ||
| 007 | ta | ||
| 008 | 150427s2015----xo-----f-mn---000-0-slo-d | ||
| 040 | |a STU |b slo | ||
| 041 | 0 | |a slo | |
| 100 | 1 | |a Kollárová, Veronika |u 010110 |4 aut |U SvF Stavebná fakulta |T SvF Katedra betónových konštrukcií a mostov |X 112044 |U V110 |Y 11 |7 112044 | |
| 242 | 0 | 1 | |a Bridge on highway over the river Váh - posttensioned concrete structure |y eng |
| 245 | 1 | 0 | |a Most na diaľnici ponad rieku Váh – dodatočne predpätá monolitická konštrukcia |
| 260 | |c 2025 | ||
| 650 | 4 | |a cantilever balanced method |2 eng | |
| 650 | 4 | |a bridge |2 eng | |
| 650 | 4 | |a prestress |2 eng | |
| 650 | 4 | |a most |2 slo | |
| 650 | 4 | |a predpätý betón |2 slo | |
| 650 | 4 | |a letmá betonáž |2 slo | |
| 700 | 1 | |a Borzovič, Viktor |u 010110 |k Z1 |4 ths |U SvF Stavebná fakulta |T SvF Katedra betónových konštrukcií a mostov |X 3688 |U V110 |Y 11 |7 A000003688 | |
| 856 | 4 | |u http://is.stuba.sk/zp/portal_zp.pl?podrobnosti=182786 | |
| 856 | 4 | |u https://opac.crzp.sk/?fn=detailBiblioForm&sid=809C367C54749DCAA342AFFF7E5A |z CRZP | |